000 00877nam a22002057a 4500
005 20260428121552.0
010 _aB-778155-177 BACEN26
020 _a9788179309476
_c665.00
035 _aB-778155-177
037 _bSpectrum Books
082 _a909.8
100 _aAhir,Rajiv
245 _aA Brief History of Modern India /
_cby Rajiv,Ahir; edited by Kalpana Rajaram
260 _aDelhi
_bSpectrum Books
_c2025
270 _aA1 291 First floor Janakpuri
_bDelhi
_e110058
_k9958327924
_minfo@spectrumbooks.in
300 _a951p.
_c26cm(pb)
700 _a Kalpana Rajaram
_987773
942 _2ddc
_cEN
_h909.8
_mAHI
999 _c214945
_d214945